Straight Up Trivia #4: Most Streamed Songs - Statistics

General Stats
  • This quiz has been taken 25 times
    23 since last reset
  • The average score is 5 of 10
Answer Stats
Hint Answer % Correct
Starboy by The Weeknd and what French electronic group? You might say they got lucky to work together. Daft Punk
86%
As It Was by Harry Styles. Harry Styles was part of One Direction, which was formed on what British music competition series? The X Factor
77%
Stay by The Kid Laroi and Justin Bieber. Stay is also the name of a movie starring what Scottish actor who also played Obi-Wan Kenobi? Ewan McGregor
59%
Someone You Loved by Lewis Capaldi. Capaldi is a fan of what Glasgow-based football/soccer team, named for its Irish and Scottish roots? Celtic
50%
Believer by Imagine Dragons. Believers of what religion worship the god Ahura Mazda? The religion originated in ancient Iran and still has over 100,000 believers. Zoroastrianism
45%
Blinding Lights by The Weeknd. The Weeknd was born Abel Makkonen Tesfaye to parents who emigrated to Canada from what country? Ethiopia
41%
Sunflower by Post Malone and Swae Lee. The sunflower is the official wild flower and namesake of the highest point of what U.S. state? Kansas
41%
One Dance by Drake. What one dance is the American DJ Baauer famous for, even though the movements in viral videos using Baauer's song are unrelated to the original dance? Harlem Shake
32%
Sweater Weather by The Neighbourhood. What is the name of the neighborhood on the mainland just across from Hong Kong Island? It shares its name with the peninsula on which it sits. Kowloon City
23%
The Shape of You by Ed Sheeran. The shape of most humans is symmetric across a center line. What is this form of symmetry called? Axial or Reflection
5%
No matching quizzes found
Score Distribution
Percent of People with Each Score
Percentile by Number Answered
Your Score History
You have not taken this quiz since the last reset